| 000 | 01480nam a22002897a 4500 | ||
|---|---|---|---|
| 005 | 20160907020002.0 | ||
| 008 | 110408s2010 ck a gr 00010 spa d | ||
| 020 | _a9789588214733 | ||
| 041 | 0 | _aspa | |
| 044 | _ack | ||
| 082 | 0 | 4 |
_a591.77 _bC65p |
| 110 | 2 |
_aColombia _bMinisterio de Agricultura y Desarrollo Rural. _bDirección de Pesca y Acuicultura. _919192 |
|
| 245 | 1 | 0 |
_aPlan de Acción Nacional para la conservación y manejo de tiburones, rayas y quimeras de Colombia: _b(PAN- Tiburones Colombia) / _ceditado por Juan Pablo Caldas Aristizábal ... [et al.]. |
| 260 |
_aBogotá _bMinisterio de Agricultura y Desarrollo Rural _bICA. Subgerencia de Pesca y Acuicultura _c2010. |
||
| 300 |
_a60 p. : _bil. ; _c28 cm. |
||
| 504 | _aIncluye bibliografía. | ||
| 650 |
_aProtección de tiburones _x Política gubernamental _z Colombia. _919193 |
||
| 650 |
_aProtección de tiburones _x Legislación _z Colombia. _919194 |
||
| 650 |
_aFauna marina _x Conservación Política gubernamental _z Colombia. _919195 |
||
| 650 | 4 |
_aProtección de las rayas _x Política gubernamental _z Colombia. _919196 |
|
| 650 | 4 |
_aProtección de las rayas _x Legislación _z Colombia. _919197 |
|
| 650 | 4 |
_aProtección de quimeras (Animales marinos) _x Legislación _z Colombia. _919198 |
|
| 650 | 4 |
_aProtección de quimeras (Animales marinos) _z Colombia. _919199 |
|
| 700 | 1 |
_aCaldas-Aristizábal, Juan Pablo, _eed. _919200 |
|
| 700 | 1 |
_aCastro-González, Erick _eed. _919201 |
|
| 942 |
_2ddc _cImpreso _03 |
||
| 999 |
_c8251 _d8251 |
||